CATHODE RAYS OSCILLOGRAPHS (Record no. 584898)

000 -LEADER
fixed length control field 00269nam a22001217a 4500
082 ## - DEWEY DECIMAL CLASSIFICATION NUMBER
Classification number 621.381542 REY'C
100 ## - MAIN ENTRY--PERSONAL NAME
Personal name REYNER, J. H
9 (RLIN) 41552
245 ## - TITLE STATEMENT
Title CATHODE RAYS OSCILLOGRAPHS
250 ## - EDITION STATEMENT
Edition statement 2ND
260 ## - PUBLICATION, DISTRIBUTION, ETC.
Place of publication, distribution, etc. LONDON
Name of publisher, distributor, etc. SIR ISAAC
Date of publication, distribution, etc. 1945
300 ## - PHYSICAL DESCRIPTION
Extent 187P
942 ## - ADDED ENTRY ELEMENTS (KOHA)
Koha item type Book
Holdings
Withdrawn status Lost status Damaged status Not for loan Permanent Location Current Location Shelving location Date acquired Total Checkouts Full call number Barcode Date last seen Price effective from Koha item type
        College of Electrical & Mechanical Engineering (CEME) College of Electrical & Mechanical Engineering (CEME) General Stacks 07/05/2017   621.381542 REY'C CEME-6101 06/28/2021 06/28/2021 Book
© 2023 Central Library, National University of Sciences and Technology. All Rights Reserved.